O demokracii : Průvodce pro občany

Enregistré dans:
Détails bibliographiques
Auteur principal: Dahl, Robert (Auteur)
Format: Livre
Langue:tchèque
Publié: Praha : Portál, 2001
Tags: Ajouter un tag
Pas de tags, Soyez le premier à ajouter un tag!

MARC

LEADER 00000nam a22000003a 4500
001 stu72858
005 20150617225648.3
008 011127s2001----xr------------------cze-d
020 |a 80-7178-422-2 
040 |a STU  |b slo 
041 0 |a cze 
044 |a xr 
080 |a 321.7 
100 1 |a Dahl, Robert  |4 aut 
245 1 |a O demokracii :  |b Průvodce pro občany 
260 |a Praha :  |b Portál,  |c 2001 
300 |a 191 s 
500 |a prel. z angl.orig. 
996 |c V*47085/O-20697  |l VV21  |s P  |a 0  |w stu72858_0001